000 00555nam a2200217Ia 4500
005 20240116112551.0
008 131103s9999 xx 000 0 und d
020 _cRs 12.50
040 _aLoreto College
041 _aEnglish
082 _a370
_bMAT
100 _aMathur,S.S.
245 3 _aA Sociological Approach to Indian Education,
_cS.S.Mathur
260 _aAgra
_bVinod Pustak Mandir
_c1966
300 _a342 p.
504 _aIncludes references and index
650 _aEducation
651 _aEducation
850 _aLCLIB
942 _cBK
999 _c2963
_d53442